Normal view
MARC view
- Grimaldi, J.
Entry Personal Name
001 - CONTROL NUMBER
- control field: 43553
003 - CONTROL NUMBER IDENTIFIER
- control field: OSt
005 - DATE AND TIME OF LATEST TRANSACTION
- control field: 20210819115510.0
008 - FIXED-LENGTH DATA ELEMENTS
- fixed length control field: 210819|| aca||aabn | a|a d
040 ## - CATALOGING SOURCE
- Original cataloging agency: OSt
- Transcribing agency: OSt
100 ## - HEADING--PERSONAL NAME
- Personal name: Grimaldi, J.
- Relator term: Author.
670 ## - SOURCE DATA FOUND
- Source citation: Work cat.: (OSt): Kess, Sidney. 42718, Getting divorced:, ©2016.
